| 000 | 00904nam a2200181 a 4500 | ||
|---|---|---|---|
| 008 | 120416s1978 ||||||||||||||||| || u | ||
| 020 | _a0822304120 | ||
| 050 | _aHB 871 Spe | ||
| 100 | _aSpengler, Joseph J | ||
| 245 | 1 | 0 | _aFacing zero population growth |
| 246 | _areactions and interpretations, past and present | ||
| 260 |
_aDurham, [N.C] _bDuke University Press _c1978 |
||
| 350 | _a0.00 | ||
| 650 | _aPOPULATION GROWTH | ||
| 995 |
_aANNEX COLLECTION (Main Library) _D0.00 _e712432 _FCBU-MAIN LIBRARY (Kitwe) _H2 _I25.00 _jHB 871 Spe _M2 _UAVAILABLE _y002404 _ZAnnex Low-Usage Collection |
||
| 995 |
_aANNEX COLLECTION (Main Library) _D0.00 _e712430 _FCBU-MAIN LIBRARY (Kitwe) _H1 _I25.00 _jHB 871 Spe _M1 _UAVAILABLE _y002405 _ZAnnex Low-Usage Collection |
||
| 995 |
_aANNEX COLLECTION (Main Library) _D0.00 _e712431 _FCBU-MAIN LIBRARY (Kitwe) _H3 _I25.00 _jHB 871 Spe _M3 _UAVAILABLE _y002403 _ZAnnex Low-Usage Collection |
||
| 999 |
_c62977 _d62977 |
||